Taller de lectura y redacción 1 (Registro nro. 2385)
[ vista simple ]
| 000 -CABECERA | |
|---|---|
| campo de control de longitud fija | 01321aam a2200457 4500 |
| 005 - FECHA Y HORA DE ACTUALIZACIÓN | |
| campo de control | 20161111153536.0 |
| 008 - LONGITUD FIJA | |
| campo de control de longitud fija | 150414b xxu||||| |||| 00| 0 spa d |
| 041 ## - IDIOMA | |
| Código de idioma del texto/pista de sonido o título separado | |
| 082 ## - CLASIFICACIÓN DECIMAL DEWEY | |
| Número de clasificación | 461 D331t4 |
| 100 ## - AUTOR PERSONAL | |
| Nombre de persona | De la Torre Zermeno, Francisco |
| 100 ## - AUTOR PERSONAL | |
| Nombre de persona | Dufoo Maciel, Silvia |
| 245 ## - TÍTULO PROPIAMENTE DICHO | |
| Título | Taller de lectura y redacción 1 |
| 250 ## - EDICIÓN | |
| Mención de edición | 4 edición |
| 260 ## - PIE DE IMPRENTA | |
| Lugar de publicación, distribución, etc. | México |
| Nombre del editor, distribuidor, etc. | McGraw-Hill |
| Fecha de publicación, distribución, etc. | 2005 |
| 300 ## - DESCRIPCIÓN FÍSICA | |
| Extensión | 311 páginas |
| 500 ## - NOTA GENERAL | |
| Nota general | Volumen 1 |
| 650 ## - Materia General | |
| Materia general | COMUNICACIÓN ESCRITA |
| 650 ## - Materia General | |
| Materia general | REDACCIÓN |
| 650 ## - Materia General | |
| Materia general | TALLER DE LECTURA |
| 650 ## - Materia General | |
| Materia general | COMUNICACIÓN |
| 650 ## - Materia General | |
| Materia general | SIGNOS DE PUTUACCIÓN |
| 650 ## - Materia General | |
| Materia general | ORTOGRAFÍA |
| 650 ## - Materia General | |
| Materia general | EXPOSICIÓN ORAL |
| 650 ## - Materia General | |
| Materia general | LECTURA |
| 650 ## - Materia General | |
| Materia general | ESCRITURA |
| 650 ## - Materia General | |
| Materia general | INVESTIGACIÓN DOCUMENTAL |
| 650 ## - Materia General | |
| Materia general | LEXICO |
| 650 ## - Materia General | |
| Materia general | PARAFRASIS |
| 650 ## - Materia General | |
| Materia general | CONSONANTES |
| 650 ## - Materia General | |
| Materia general | BIBLIOTECAS |
| 650 ## - Materia General | |
| Materia general | TEXTOS EXPOSITIVOS |
| 650 ## - Materia General | |
| Materia general | TEXTOS PERSONALES |
| 650 ## - Materia General | |
| Materia general | CONECTORES |
| 650 ## - Materia General | |
| Materia general | AUDITORIO |
| 650 ## - Materia General | |
| Materia general | AUDICIÓN |
| 650 ## - Materia General | |
| Materia general | CARTA |
| 650 ## - Materia General | |
| Materia general | TARJETA POSTAL |
| 650 ## - Materia General | |
| Materia general | REPORTAJE |
| 650 ## - Materia General | |
| Materia general | RECURSOS AUDIOVISUALES |
| 942 ## - Punto de Acceso Adicional Koha | |
| Tipo de ítem Koha | Libro |
| Estado perdido | Estado dañado | No para préstamo | Biblioteca permanente | Biblioteca actual | Signatura completa | Código de barras | Precio efectivo a partir del | Tipo de ítem |
|---|---|---|---|---|---|---|---|---|
| Departamento de Biblioteca y Documentación Alfonso Chase Brenes | Departamento de Biblioteca y Documentación Alfonso Chase Brenes | 461 D331t4 | 14868 | 13/09/2016 | Libro |